<?xml version="1.0" encoding="UTF-8"?><?xml-stylesheet type="text/xsl" href="static/style.xsl"?><OAI-PMH xmlns="http://www.openarchives.org/OAI/2.0/" xmlns:xsi="http://www.w3.org/2001/XMLSchema-instance" xsi:schemaLocation="http://www.openarchives.org/OAI/2.0/ http://www.openarchives.org/OAI/2.0/OAI-PMH.xsd"><responseDate>2026-04-27T18:26:18Z</responseDate><request verb="GetRecord" identifier="oai:riubu.ubu.es:10259/11400" metadataPrefix="marc">https://riubu.ubu.es/oai/request</request><GetRecord><record><header><identifier>oai:riubu.ubu.es:10259/11400</identifier><datestamp>2026-02-19T01:05:46Z</datestamp><setSpec>com_10259_4707</setSpec><setSpec>com_10259_5086</setSpec><setSpec>com_10259_2604</setSpec><setSpec>com_10259_9737</setSpec><setSpec>col_10259_4708</setSpec><setSpec>col_10259_10448</setSpec></header><metadata><record xmlns="http://www.loc.gov/MARC21/slim" xmlns:doc="http://www.lyncode.com/xoai" xmlns:xsi="http://www.w3.org/2001/XMLSchema-instance" xmlns:dcterms="http://purl.org/dc/terms/" xsi:schemaLocation="http://www.loc.gov/MARC21/slim http://www.loc.gov/standards/marcxml/schema/MARC21slim.xsd">
<leader>00925njm 22002777a 4500</leader>
<datafield tag="042" ind1=" " ind2=" ">
<subfield code="a">dc</subfield>
</datafield>
<datafield tag="720" ind1=" " ind2=" ">
<subfield code="a">Lifi, Mohamed</subfield>
<subfield code="e">author</subfield>
</datafield>
<datafield tag="720" ind1=" " ind2=" ">
<subfield code="a">Abala, Ilham</subfield>
<subfield code="e">author</subfield>
</datafield>
<datafield tag="720" ind1=" " ind2=" ">
<subfield code="a">Muñoz Rujas, Natalia</subfield>
<subfield code="e">author</subfield>
</datafield>
<datafield tag="720" ind1=" " ind2=" ">
<subfield code="a">Aguilar Romero, Fernando</subfield>
<subfield code="e">author</subfield>
</datafield>
<datafield tag="720" ind1=" " ind2=" ">
<subfield code="a">Montero García, Eduardo</subfield>
<subfield code="e">author</subfield>
</datafield>
<datafield tag="720" ind1=" " ind2=" ">
<subfield code="a">Negadi, Latifa</subfield>
<subfield code="e">author</subfield>
</datafield>
<datafield tag="720" ind1=" " ind2=" ">
<subfield code="a">Alaoui, Fatima E. M.</subfield>
<subfield code="e">author</subfield>
</datafield>
<datafield tag="260" ind1=" " ind2=" ">
<subfield code="c">2022-01</subfield>
</datafield>
<datafield tag="520" ind1=" " ind2=" ">
<subfield code="a">Thermophysical properties as density, (&#xd;
), dynamic and kinematic viscosities, (&#xd;
, &#xd;
), refractive index, (&#xd;
), and excess enthalpy, (HE), are presented in this present work for binary mixtures containing 2-methoxyethanol, 1-butanol, 2-butanol, and 1-propanol at T = (298.15 and 313.15) K and at p = 0.1 MPa, over the whole range of composition. Derivative properties such as excess volume, (&#xd;
), and deviations in refractive index, (&#xd;
), were calculated from the measured data of density and refractive index, respectively. The Perturbed Chain-Statistical Associating Fluid (PC-SAFT) Equation of State is used to correlate the experimental data density for the studied binary mixtures. Also, the Redlich-Kister equation is employed to fit the excess volumes, deviations in refractive index, and excess enthalpies. Besides, the NRTL and UNIQUAC models are applied to correlate the measured data of excess enthalpy, (HE). Moreover, intermolecular interactions have been discussed for the studied binary mixtures.</subfield>
</datafield>
<datafield tag="024" ind2=" " ind1="8">
<subfield code="a">0021-9614</subfield>
</datafield>
<datafield tag="024" ind2=" " ind1="8">
<subfield code="a">https://hdl.handle.net/10259/11400</subfield>
</datafield>
<datafield tag="024" ind2=" " ind1="8">
<subfield code="a">10.1016/j.jct.2021.106593</subfield>
</datafield>
<datafield ind1=" " ind2=" " tag="653">
<subfield code="a">Oxygenated compound</subfield>
</datafield>
<datafield ind1=" " ind2=" " tag="653">
<subfield code="a">Density</subfield>
</datafield>
<datafield ind1=" " ind2=" " tag="653">
<subfield code="a">Dynamic and kinematic viscosity</subfield>
</datafield>
<datafield ind1=" " ind2=" " tag="653">
<subfield code="a">Excess enthalpy</subfield>
</datafield>
<datafield ind1=" " ind2=" " tag="653">
<subfield code="a">Refractive index</subfield>
</datafield>
<datafield ind1=" " ind2=" " tag="653">
<subfield code="a">PC-SAFT EoS</subfield>
</datafield>
<datafield tag="245" ind1="0" ind2="0">
<subfield code="a">Thermophysical properties of binary liquid mixtures of oxygenated compounds: 2-Methoxyethanol + alcohols at T = 298.15 K and 313.15 K</subfield>
</datafield>
</record></metadata></record></GetRecord></OAI-PMH>